Κατάλογος Βιβλιοθηκών Mediterranean College

Crime and Inequality (Record no. 4119)

MARC details
000 -LEADER
fixed length control field 01657cam a22002054a 4500
005 - ΗΜΕΡΟΜΗΝΙΑ ΚΑΙ ΩΡΑ ΤΕΛΕΥΤΑΙΑΣ ΕΝΗΜΕΡΩΣΗΣ
Πεδίο ελέγχου 20250605164137.0
008 - FIXED-LENGTH DATA ELEMENTS--GENERAL INFORMATION
Πεδίο ελέγχου σταθερού μήκους 250528s ||||||||||||||||||||||||d
035 ## - SYSTEM CONTROL NUMBER
System control number 18806
020 ## - ISBN
ISBN 804724040
040 ## - ΠΗΓΗ ΚΑΤΑΛΟΓΟΓΡΑΦΗΣΗΣ
Φορέας πρωτότυπης καταλογογράφησης MC Athens Campus Library
Γλώσσα καταλογογράφησης Ελληνικά, Μοντέρνα (1453-)
Modifying agency MC Athens Campus Library
Κανόνες περιγραφικής καταλογογράφησης AACR2
245 1# - ΤΙΤΛΟΣ ΚΑΙ ΔΗΛΩΣΗ ΥΠΕΥΘΥΝΟΤΗΤΑΣ
Τίτλος Crime and Inequality
260 ## - PUBLICATION, DISTRIBUTION, ETC.
Name of publisher, distributor, etc. Stanford University Press,
Date of publication, distribution, etc. 1995
300 ## - PHYSICAL DESCRIPTION
Extent 374
520 ## - SUMMARY, ETC.
Summary, etc. This volume seeks to discover how and why inequality affects the patterning of crime and criminal justice, with special emphasis on important questions that have been ignored or have received inadequate attention. Introduction, Criminal Inequality in America, Toward a Theory of Race and Crime and Urban Inequality, Unemployment and Crime Rate Fluctuations in the Post-World War II United States: Statistical Time-Series Properties and Alternative Models, Ethnography and Inequality and Crime in the Low-Income Community, Age-Inequality and Property Crime: The Effects of Age-Linked Stratification and Status-Attainment Processes on Patterns of Criminality Across the Life Course, Crime and Inequality in Eighteenth-Century London, Gender and Race and the Pathways to Delinquency: An Interactionist Explanation, Gender Inequality and Violence Against Women: The Case of Murder, Crime and Inequality and Justice in Eastern Europe: Anomie and Domination and Revolutionary Change, The Engineering of Social Control: The Search for the Silver Bullet, Law and Crime and Inequality: The Regulatory State, Inequality and Republican Criminology, Notes, Bibliography, Index.
700 1# - ΠΡΟΣΘΕΤΗ ΑΝΑΓΡΑΦΗ--ΦΥΣΙΚΟ ΠΡΟΣΩΠΟ
Personal name Hagan John
9 (RLIN) 5065
700 1# - ΠΡΟΣΘΕΤΗ ΑΝΑΓΡΑΦΗ--ΦΥΣΙΚΟ ΠΡΟΣΩΠΟ
Personal name Peterson Ruth D
9 (RLIN) 5066
942 ## - ADDED ENTRY ELEMENTS (KOHA)
Koha item type Books
Holdings
Τύπος τεκμηρίου Βιβλιοθήκη Τρέχουσα τοποθεσία Barcode Αριθμός εισαγωγής Ημερομηνία απόκτησης Ταξιθετικό σύμβολο Αριθμός αντιτύπου Κατάσταση απόσυρσης Κατάσταση χαμένου Κατάσταση κατεστραμμένου Μη δανεισμός Σύνολο δανεισμών Ημερομηνία τελευταίας εμφάνισης Η τιμή ισχύει από
Books MC Athens Campus Library MC Athens Campus Library 9780000041180 3717 05/06/2025 364.941 HAG 1           05/06/2025 05/06/2025

MC Athens Campus Library
Πατησίων 94 & Κοδριγκτώνος 13, 104 34
Πελλήνης 8 & Πατησίων 107, 112 51
Τ: +30 210 8899600

MC Thessaloniki Campus Library
Ίωνος Δραγούμη 21, 54625 | Ίωνος Δραγούμη 15, 54625
Τ: +30 2310 287779 – Τ: +30 2314 440300